| 000 | 00539nam a2200193Ia 4500 | ||
|---|---|---|---|
| 999 |
_c92958 _d92958 |
||
| 003 | 0100 | ||
| 005 | 20170802090017.0 | ||
| 008 | 130307s9999 xx 000 0 und d | ||
| 020 | _a0847689115 | ||
| 040 | _cARRUPELIB | ||
| 050 | _aB833 .R323 1999 | ||
| 245 | 4 | _aThe rationalists : critical essays on Descartes, Spinoza, and Leibniz | |
| 260 |
_bRowman & Littlefield Publishers _aLanham _cc1999. |
||
| 300 | _axviii | ||
| 300 | _b370 p. 24 cm. | ||
| 440 |
_aCritical essays on the classics _934331 |
||
| 650 |
_aRationalism _y17th century _934332 |
||
| 650 |
_aPhilosophy _xModern _911460 |
||
| 700 |
_aPereboom, Derk, 1957- (ed.) _934333 |
||
| 942 |
_2lcc _cMONOGRAPH |
||